Altagracia Saviñón o la Discontinuidad del instante

Gespeichert in:
Bibliographische Detailangaben
1. Verfasser: Nacidit-Perdomo, Ylonka
Format: Buch
Sprache:Undetermined
Veröffentlicht: Santo Domingo, República Dominicana Búho 1998
Schlagworte:
Tags: Tag hinzufügen
Keine Tags, Fügen Sie den ersten Tag hinzu!

MARC

LEADER 00000nam a2200000Ia 4500
008 170316s9999 xx 000 0 und d
040 |a cru BVZT 
090 |a 860 N-1a 
100 |a Nacidit-Perdomo, Ylonka 
245 |a Altagracia Saviñón o la Discontinuidad del instante 
260 |a Santo Domingo, República Dominicana 
260 |b Búho 
260 |c 1998 
300 |a 59 páginas 
650 |a LITERATURA LATINOAMERICANA 
999 |c 8992  |d 8992 
942 |c 15 D  |h 860 N-1a  |2 z